00706 2200181 4500245004900000020002200049250001100071100001800082700002400100650002000124005001900144260003700163041001400200084001100214300002300225500026700248336000900515 aSurat Kecil Untuk TuhancAgnes DavonarhText a978-602-6714-28-2 aCet. 1 aAgnes Davonar aKhabib Mustakhfirul aNovel Indonesia a20230926093947 aJakartabFalcon Publishingc2018 aIndonesia a808.83 a196 hlm. :c19 cm. aAngel,gadis remaja pendiam dan tomboi.Ia murid baru di SMA Angkasa,tidak punya banyak teman karena dianggap aneh.Angel amat cuek dan tak mersa terganggu meski harus sendirian.Ia lebig memilih berkonsentrasi para pelatihan bela diri daripada repot-repot berteman. atext